Future planners (Record no. 106450)

MARC details
000 -LEADER
fixed length control field 01752cam a22003375a 4500
001 - CONTROL NUMBER
control field L136604
008 - FIXED-LENGTH DATA ELEMENTS--GENERAL INFORMATION
fixed length control field 070212s2007 xxka f 000 0 eng u
035 ## - SYSTEM CONTROL NUMBER
System control number (Sirsi) u136604
041 0# - LANGUAGE CODE
Language code of text/sound track or separate title eng
050 ## - LIBRARY OF CONGRESS CALL NUMBER
Classification number 711.1 $2 18
100 1# - MAIN ENTRY--PERSONAL NAME
Personal name Bradwell, Peter
245 00 - TITLE STATEMENT
Title Future planners
Remainder of title propositions for the next age of planning
Medium [electronic resource]
260 ## - PUBLICATION, DISTRIBUTION, ETC.
Place of publication, distribution, etc. London
Name of publisher, distributor, etc. RICS
Date of publication, distribution, etc. 2007
300 ## - PHYSICAL DESCRIPTION
Extent 26p.
Dimensions 21cm.
505 ## - FORMATTED CONTENTS NOTE
Formatted contents note The renaissance of place -- The right battle? -- Change and the planner -- The future planner -- Propositions for supporting the next age of planners -- Long live the future planner.
520 ## - SUMMARY, ETC.
Summary, etc. Argues that old-fashioned notions of private and public value have led to planners having to manage competing demands of economic progress and environmental sustainability and that to succeed and thrive, the profession must bridge the gap, using resources from the private and public sectors, local communities and NGOs, to create places that people care for and enjoy, planning areas and neighbourhoods which flourish while protecting the environment.
590 ## - LOCAL NOTE (RLIN)
Local note KA NTK
651 #4 - SUBJECT ADDED ENTRY--GEOGRAPHIC NAME
Geographic name United Kingdom
Chronological subdivision
690 ## - LOCAL SUBJECT ADDED ENTRY--TOPICAL TERM (OCLC, RLIN)
Topical term or geographic name as entry element ENVIRONMENTAL AND LAND CONSULTANCY-PLANNING AND DEVELOPMENT-PLANNING REFORM
700 1# - ADDED ENTRY--PERSONAL NAME
Personal name Johar, Inderpaul
700 1# - ADDED ENTRY--PERSONAL NAME
Personal name Maguire, Clara
700 1# - ADDED ENTRY--PERSONAL NAME
Personal name Miner, Paul
710 1# - ADDED ENTRY--CORPORATE NAME
Corporate name or jurisdiction name as entry element Royal Institution of Chartered Surveyors
9 (RLIN) 4900
710 1# - ADDED ENTRY--CORPORATE NAME
Corporate name or jurisdiction name as entry element Demos
9 (RLIN) 4582
710 1# - ADDED ENTRY--CORPORATE NAME
Corporate name or jurisdiction name as entry element Campaign to Protect Rural England
9 (RLIN) 4718
710 1# - ADDED ENTRY--CORPORATE NAME
Corporate name or jurisdiction name as entry element English Partnerships
9 (RLIN) 1764
710 1# - ADDED ENTRY--CORPORATE NAME
Corporate name or jurisdiction name as entry element Zero Zero Research
710 1# - ADDED ENTRY--CORPORATE NAME
Corporate name or jurisdiction name as entry element The Royal Town Planning Institute
9 (RLIN) 2401
856 41 - ELECTRONIC LOCATION AND ACCESS
Uniform Resource Identifier <a href="https://www.rics.org/site/download_feed.aspx?fileID=4596&fileExtension=PDF">https://www.rics.org/site/download_feed.aspx?fileID=4596&fileExtension=PDF</a>
Public note View the report free of charge at www.rics.org...
942 ## - ADDED ENTRY ELEMENTS (KOHA)
Suppress in OPAC 0
Holdings
Withdrawn status Lost status Source of classification or shelving scheme Damaged status Not for loan Home library Current library Shelving location Date acquired Total Checkouts Full call number Barcode Date last seen Copy number Price effective from Koha item type
    Dewey Decimal Classification     London London RICS Boxes 15/03/2007   RICS 2007/05 30071638 06/08/2019 1 06/08/2019 Archive
    Dewey Decimal Classification     London London RICS Boxes 15/03/2007   RICS 2007/05 30071639 06/08/2019 1 06/08/2019 Reference material
    Dewey Decimal Classification     London London RICS Boxes 15/03/2007   RICS 2007/05 30071642 06/08/2019 3 06/08/2019 Book
    Dewey Decimal Classification     Virtual Virtual Online 12/02/2007   ONLINE PUBLICATION 136604-1001 06/08/2019 1 06/08/2019 Book